Mistrzowie Europy w koszykówce - Statystyki

Ogólne statystyki
  • Ten quiz został rozwiązany 126 razy
  • Średni wynik to 32 z 40
Statystyki odpowiedzi
ROK ZWYCIĘZCA % Poprawnych
2009 Hiszpania
99%
2011 Hiszpania
99%
2015 Hiszpania
99%
2013 Francja
98%
1993 Niemcy
97%
1983 Włochy
88%
1999 Włochy
88%
2007 Rosja
84%
1973 Jugosławia
82%
1975 Jugosławia
82%
1977 Jugosławia
82%
1989 Jugosławia
82%
1991 Jugosławia
82%
1995 Jugosławia
82%
1997 Jugosławia
82%
2001 Jugosławia
82%
1949 ZSRR
82%
1951 ZSRR
82%
1955 ZSRR
82%
1957 ZSRR
82%
1959 ZSRR
82%
1961 ZSRR
82%
1963 ZSRR
82%
1965 ZSRR
82%
1967 ZSRR
82%
1969 ZSRR
82%
1971 ZSRR
82%
1979 ZSRR
82%
1981 ZSRR
82%
1985 ZSRR
82%
1937 Litwa
81%
1939 Litwa
81%
2003 Litwa
81%
1987 Grecja
79%
2005 Grecja
79%
2017 Słowenia
78%
1935 Łotwa
69%
1946 Czechosłowacja
64%
1953 Węgry
50%
1947 Egipt
9%
Nie znaleziono quizów pasujących do podanych kryteriów
Rozkład punktacji
Procent ludzi z każdym wynikiem
Percentyl według liczby udzielonych odpowiedzi
Twoja historia wyników
Nie rozwiązałeś tego quizu